Online Catalogue and eLibrary

Ammayee kallu (Record no. 4384)

MARC details
000 -LEADER
fixed length control field 00334nam a2200145Ia 4500
005 - DATE AND TIME OF LATEST TRANSACTION
control field 20250509052657.0
008 - FIXED-LENGTH DATA ELEMENTS--GENERAL INFORMATION
fixed length control field 240331s9999 xx 000 0 und d
082 ## - DDC Classification
Item Number - Author Mark BAL
Class No. 891
100 ## - MAIN ENTRY--PERSONAL NAME
Personal name Balendran, M
245 #0 - TITLE STATEMENT
Title Ammayee kallu
260 ## - PUBLICATION, DISTRIBUTION, ETC.
Place of publication, distribution, etc. Chennai
Name of publisher, distributor, etc. Thirumahal Nilaiyam
Date of publication, distribution, etc. 2006
300 ## - PHYSICAL DESCRIPTION
Extent (e.g. Volumes, Pages etc.) 112 p.,
650 ## - SUBJECT ADDED ENTRY--TOPICAL TERM
Topical term or geographic name entry element Novel
942 ## - Koha item type (Biblio)
Koha item type Books in Stacks (Lending)
Holdings
Lost status Damaged status Collection code Home library Current library Shelving location Date acquired Full call number Accession Number Item type
    Lending WERC Library WERC Library Social Science Cupboard 03/31/2024 894.811 BAL 5672 Books in Stacks (Lending)

© WERC Library